Euroopan lähimmät pääkaupungit Helsingistä mitaten - Statistics

Yleistilastot
  • Tätä visaa on pelattu 126 kertaa
  • Keskiarvotulos 11 / 12
Vastaustilastot
Etäisyys Pääkaupunki % Oikein
82 km Tallinna
100%
397 km Tukholma
100%
790 km Oslo
99%
885 km Kööpenhamina
98%
362 km Riika
98%
895 km Moskova
94%
1108 km Berliini
92%
611 km Vilna
90%
917 km Varsova
89%
716 km Minsk
78%
1304 km Praha
62%
1138 km Kiova
61%
Ehtoja vastaavia visoja ei löytynyt
Tulosjakauma
Jokaisen tuloksen saaneiden osuus
Persentiili vastausten määrän mukaan
Tuloshistoriasi
Et ole pelannut tätä visaa